载入...

Altenglisches elementarbuch /

书目详细资料
主要作者: Bulbring,, Karl D.
语言:Undetermined
出版: 1902.
丛编:Sammlung Germanischer Elementarbucher
主题:
LEADER 00600nam a2200157Ia 4500
001 127102
008 170722s9999 xx 000 0 und d
100 |a Bulbring,, Karl D. 
245 |a Altenglisches elementarbuch / 
260 |c 1902. 
490 |a Sammlung Germanischer Elementarbucher 
653 |a Old English Grammar 
942 |c GEN 
999 |c 157504  |d 157504 
952 |0 0  |1 0  |4 0  |6 P_D3_D2D21  |7 0  |8 CR  |9 220850  |a LIB  |b LIB  |d 2017-08-12  |h CR  |o P-,D:3 D2-D2;1  |p A1785  |r 2017-08-12  |w 2017-08-12  |y GEN 
952 |0 0  |1 0  |4 0  |6 P_D3_D2D21  |7 0  |8 CR  |9 220851  |a LIB  |b LIB  |d 2017-08-12  |h CR  |o P-,D:3 D2-D2;1  |p A5509  |r 2017-08-12  |w 2017-08-12  |y GEN